01118 2200337 4500001002100000005001500021035002000036007000300056040001700059100005100076245016600127300003500293020001800328041000800346082000600354084001200360090001700372264004300389336002100432337003000453338002300483650001700506700004900523700003900572700004500611700003800656850001000694008004100704250001200745990002300757INLIS00000000000648020260412042034 a0010-0422000085ta aSBPUPADbind1 aNada,Abdul Aziz Bin Fathi As-SayyidePengarang1 aEnsiklopedia Etika Islam :bBegini Semestinya Muslim Berprilaku /cNada,Abdul Aziz Bin Fathi As-Sayyid,Penerjemah,Muhammad Isnaini,Dumyati ,Zainal Arifin ,Fauzun axx,736 Hal. :billus. ;c23 cm a979-98464-9-80 aind aR aR NAD e aR ANN k L1-2 a.--Jakarta :bMaghfirah Pustaka,c2006 2rdacontentaTeks 2rdamediaaTanpa Perantara 2rdacarrieravolume 4aEnsiklopedia0 aPenerjemah ke-1 ,Muhammad IsnainiePengarang0 aPenerjemah ke-2,DumyatiePengarang0 aPenerjemah ke-3,Zainal ArifinePengarang0 aPenerjemah Ke-4,FauzunePengarang aPUPAD260412 0  a.-cet.1 a0878/BR/Arpus/2006